Applied sport psychology : (Record no. 13785)

000 -LEADER
fixed length control field 00481cam a2200169 a 4500
020 ## - INTERNATIONAL STANDARD BOOK NUMBER
ISBN 076741747X (alk. paper)
040 ## - CATALOGING SOURCE
Transcribing agency DLC
082 00 - DEWEY DECIMAL CLASSIFICATION NUMBER
Classification number 796 MAY 2001 A085 Or.
245 00 - TITLE STATEMENT
Title Applied sport psychology :
Remainder of title personal growth to peak performance /
250 ## - EDITION STATEMENT
Edition statement 4th ed.
260 ## - PUBLICATION, DISTRIBUTION, ETC. (IMPRINT)
Place of publication Mountain View, Calif. :
Name of publisher Mayfield Pub. Co.,
Year of publication c2001.
300 ## - PHYSICAL DESCRIPTION
Number of Pages xxiii, 548 p. ;
Dimensions 25 cm.
650 #0 - SUBJECT ADDED ENTRY--TOPICAL TERM
Topical Term Sports
650 #0 - SUBJECT ADDED ENTRY--TOPICAL TERM
Topical Term Coaching (Athletics)
700 1# - ADDED ENTRY--PERSONAL NAME
Personal name Williams, Jean M.
942 ## - ADDED ENTRY ELEMENTS (KOHA)
Koha item type សៀវភៅភាសាអង់គ្លេស
952 ## - LOCATION AND ITEM INFORMATION (KOHA)
Withdrawn status [LOCAL, KOHA] 0
Holdings
Permanent Location Date acquired Koha item type Lost status Shelving location Barcode Current Location Full call number
Library Block A2017-08-31សៀវភៅភាសាអង់គ្លេស A088A14492Library Block A796 MAY 2001 A088 Or.
មជ្ឈមណ្ឌលឯការនៃសាកលវិទ្យាល័យភូមិន្ទកសិកម្មចំការដូង

Powered by Koha